000 00623nam a2200193Ia 4500
003 OSt
005 20251129145259.0
008 220926b |||||||| |||| 00| 0 eng d
037 _cReference Collection
040 _aRTL
_cRTL
_beng
041 _2eng
_aeng
084 _a"RwM, L3/SC"
_qRTL
100 _aHollis, Martin
_9371177
245 0 _aLight of reason
_bRationalist philosophers of the 17th century.
260 _aFontana
_bCollins Sons
_c1973
300 _a378 p.
_ccm
_bIncludes bibliographical references and index
942 _h"RwM, L3/SC"
_cREF
_2CC
_n0
999 _c691406
_d691406